Igazság és jóság
Elmentve itt :
| Szerző: | |
|---|---|
| Adatforrás: | Philobibl |
| Forrásdokumentuma: | Athenaeum II/3 1994., 18-32. p. |
| Dokumentumtípus: | Cikk |
| Nyelv: | magyar |
| LEADER | 00268nab a2200097 c 4500 | ||
|---|---|---|---|
| 001 | bibDOK00004715 | ||
| 005 | 20200924120053.7 | ||
| 008 | 060518s1994 xx hun | ||
| 100 | 1 | |a Nishida Kitaro | |
| 245 | 1 | 0 | |a Igazság és jóság |c Nishida Kitaro |
| 773 | 0 | |t Athenaeum II/3 |g 1994., 18-32. p. | |